000 00518nam a22001937a 4500
003 KOHA_MİRAKIL
005 20251024180109.0
008 251024b tu ||||| |||| 00| 0 tur d
020 _a9786254192449
040 _aTR-AnABB
_btur
_cTR-AnABB
041 _atur
082 _a808.83
_bSER 2022
100 1 _aŞerbakov, A.,
245 1 0 _aSarsıntı /
_cA. Şerbakov
260 _aAnkara :
_bDorlion Yayınları,
_c2022
300 _a160 sayfa ;
_c21 cm
650 0 4 _aRus edebiyatı, roman
942 _2ddc
_cBK
999 _c9230
_d9230
900 _bGizem YORULMAZ